ARŞİMET ZEKAİ GİZLİ GÖREVDE (Kayıt no. 797056)

MARC ayrıntıları
000 -LEADER
sabit uzunluktaki kontrol alanı 00261nam a2200097Ia 4500
001 - KONTROL NUMARASI
kontrol alanı 797056
005 - EN SON İŞLEMİN TARİH VE ZAMANI
kontrol alanı 20250826170800.0
008 - SABİT-UZUNLUKTA VERİ ÖĞELERİ--GENEL BİLGİ
sabit uzunluktaki kontrol alanı 250824s9999 xx 000 0 und d
245 #0 - ESER / YAZAR
ESER ADI ARŞİMET ZEKAİ GİZLİ GÖREVDE
Yazar Adı DURAN ÇETİN
260 ## - YAYIN, DAĞITIM, VB.
YAYIN EVİ ATLIKARINCA YAYINLARI

Kullanılabilir materyal yok.

Gemini Bilgi Teknolojileri A.Ş. tarafından düzenlenmiştir.